|
|
|
|
| LEADER |
01523nam a2200421 a 4500 |
| 001 |
000230081 |
| 003 |
CZ BrMZK |
| 005 |
20210414105353.0 |
| 007 |
ta |
| 008 |
960815s1997 xr e 0bcze d |
| 015 |
|
|
|a cnb000274138
|
| 020 |
|
|
|a 80-7203-063-9
|
| 035 |
|
|
|a (OCoLC)38972415
|
| 040 |
|
|
|a BOA001
|b cze
|
| 043 |
|
|
|a n-us---
|
| 045 |
|
|
|a x4x9
|
| 072 |
|
7 |
|a 78.07
|x Hudebníci, skladatelé a jiná hudební povolání
|2 Konspekt
|9 9
|
| 072 |
|
7 |
|a 929
|x Biografie
|2 Konspekt
|9 8
|
| 080 |
|
|
|a 78.071.1/.2
|2 MRF
|
| 080 |
|
|
|a 929
|2 MRF
|
| 080 |
|
|
|a (73)
|2 MRF
|
| 080 |
|
|
|a (092)
|2 MRF
|
| 100 |
1 |
|
|a Humphries, Patrick
|4 aut
|
| 245 |
1 |
0 |
|a Small change :
|b kus života Toma Waitse /
|c Patrick Humphries ; [z angličtiny přeložil Pavel Czeczotka ; odborně přečetl a aktuální informace doplnil Milan Pruner]
|
| 250 |
|
|
|a 1. vyd.
|
| 260 |
|
|
|a Praha :
|b Argo,
|c 1997
|
| 300 |
|
|
|a 185 s. ;
|c 18 cm
|
| 600 |
1 |
7 |
|a Waits, Tom,
|d 1949-
|7 xx0023041
|2 czenas
|
| 648 |
|
7 |
|a 20. století
|7 ch460558
|
| 650 |
0 |
7 |
|a hudebníci
|z Spojené státy americké
|y 20. století
|7 ph117204
|2 czenas
|
| 650 |
0 |
7 |
|a písničkáři
|z Spojené státy americké
|y 20. století
|7 ph124874
|2 czenas
|
| 655 |
|
7 |
|a biografie
|7 fd131909
|2 czenas
|
| 700 |
1 |
|
|a Czeczotka, Pavel
|7 xx0018323
|4 trl
|
| 700 |
1 |
|
|a Pruner, Milan
|7 mzk2012711198
|4 oth
|
| 765 |
0 |
|
|t Small Change: a life of Tom Waits
|
| 910 |
|
|
|a BOA001
|b 1-1037.090
|
| 990 |
|
|
|a BK
|
| 996 |
6 |
|
|b 2610058497
|c 1-1037.090
|l MZK
|r Sklad / do 1 hodiny
|n 6
|p p.v.
|w 000230081
|u 000010
|a 1
|e BOA001
|j MZK50
|s P
|